| 000 | 01184nas a2200409 4500 | ||
|---|---|---|---|
| 001 | BR2012009665 | ||
| 003 | BR-BrBNA | ||
| 005 | 20231205121657.0 | ||
| 007 | ta | ||
| 008 | 230509b bl.|||p| |||| 00| 00por d | ||
| 040 |
_aBR-BrBNA _bpor _cBiblioteca Nacional de Agricultura |
||
| 041 | _a(Pt) | ||
| 072 | _aQ54; L02 | ||
| 100 | 1 | _aOlivo, C.J. | |
| 100 | 1 | _aNörnberg, J.L. | |
| 100 | 1 | _aMeinerz, G.R. | |
| 100 | 1 | _aAgnolin, C.A. | |
| 100 | 1 | _aMachado, P.R. | |
| 100 | 1 | _aMarx, F.R. | |
| 100 | 1 | _aDiehl, M.S. | |
| 100 | 1 | _aFoletto, V. | |
| 100 | 1 | _aAguirre, P.F. | |
| 100 | 1 | _aAraújo, T.L. da R. | |
| 100 | 1 | _aBem, C.M. de | |
| 100 | 1 | _aSantos, J.C. dos | |
| 245 | 1 | _aProdutividade e valor nutritivo de pastos consorciados com diferentes espécies de leguminosas | |
| 650 | _aGADO LEITEIRO | ||
| 650 | _aDIETA | ||
| 650 | _aVALOR NUTRITIVO | ||
| 650 | _aLEGUMINOSA FORRAGEIRA | ||
| 650 | _aCAPIM ELEFANTE | ||
| 650 | _aCOMPOSIÇÃO QUÍMICA | ||
| 650 | _aPRODUTIVIDADE | ||
| 773 | 0 |
_tCiência Rural (Brazil) _xISSN 0103-8478 _g(Nov 2012), v. 42(11) p. 2051-2058 _wBR2012009665 |
|
| 909 |
_a202311 _bLúcia _c55 _dLúcia Elande |
||
| 942 |
_2AGRIS _n0 _cANA |
||
| 999 |
_c224684 _d224684 |
||